| 000 | 00368nam a2200145Ia 4500 | ||
|---|---|---|---|
| 008 | 220530s9999 xx 000 0 und d | ||
| 041 | _aeng | ||
| 082 |
_a629.8 _bBAK |
||
| 100 |
_aBakshi A U _956411 |
||
| 245 | _aFeedback Control Systems | ||
| 260 |
_aPune _bTechnical Publication _c2011 |
||
| 300 |
_a814 P _bPB |
||
| 700 |
_a Goyal C S _956412 |
||
| 906 |
_a67.15 _bETC |
||
| 999 |
_c51187 _d51187 |
||